| 000 | 00530nam a2200205Ia 4500 | ||
|---|---|---|---|
| 003 | IN-BaIIA | ||
| 008 | 211028s9999 xx 000 0 eng d | ||
| 040 | _cIIA Library | ||
| 080 |
_a523.9 _bRUE |
||
| 100 |
_aRue, Warren De La _91396 |
||
| 245 | 0 |
_aResearch on solar physics _cWarren De La Rue |
|
| 260 |
_aLondon _bTaylor and Francis _c1865 |
||
| 300 | _a84p. | ||
| 490 | _aOn the nature of sun-spots | ||
| 650 | _aArchives | ||
| 650 |
_aSolar Physics _91397 |
||
| 650 |
_aSun _91200 |
||
| 650 |
_aSunspots _91398 |
||
| 942 | _cBK | ||
| 999 |
_c647 _d647 |
||